000 00312nam a2200133Ia 4500
005 20251222143114.0
008 251222s9999||||xx |||||||||||||| ||spa||
020 _a84-7639-067-X
082 _a818.5/O74
100 _aOrtiz, Simon J.
245 0 _aEl Poder de la Tierra:
264 _bMontesinos
942 _cLIB
999 _c11260
_d11260